000 01043nam a2200313 i 4500
001 000029711
003 DO-SdBNP
005 20250718145200.0
008 110425s2008 dr r 000 f spa d
020 _a9789945460681
040 _aDO-SdBNP
_bspa
_cBNPHU
_erda
041 _aspa
082 4 _aRD863.44
_bM878un 2008
_222
100 1 _aMorrison, Mateo,
_d1947-
_91469
_4aut.
_eautor
245 1 0 _aUn silencio que camina /
_cMateo Morrison ; edición Alexis Peña.
250 _a[Tercera edición]
264 _aSanto Domingo, República Dominicana :
_bEditorial Santuario,
_c2008.
300 _a102 páginas ;
_c21 cm.
336 _atexto
_btxt
_2rdacontent
337 _asin mediación
_bn
_2rdamedia
338 _avolumen
_bnc
_2rdacarrier
586 _aPremio Nacional de Literatura, 2010
590 _aInventariado, 2020/BT
650 0 _aNovela dominicana
_9223
650 0 _aLiteratura dominicana.
_967
700 1 2 _aPeña, Alexis,
_eeditor
_95700
_4ed.
910 _aValidado. Control de calidad MMOLINA
942 _2ddc
_cLBS1
999 _c29203
_d29203